000 00305nam a22001337a 4500
008 171010b xxu||||| |||| 00| 0 eng d
020 _a9781412960465
041 _aeng
080 _a316
100 _a50
101 _aSOC
245 _aCINEMATIC SOCIOLOGY SOCIAL LIFE IN FILM
_cANNE,J
942 _2udc
_cBK
999 _c32865
_d32865